Conflict in modern Japanese history : The neglected tradition
This volume depicts the conflict and uncertainty that have bedeviled modern Japan. The eighteen contributors explore dissent, secession, and conflict first in the 1850s and 1860s, when the Tokugawa regime gave way to the Meiji government, and then from the end of the Russo-Japanese War through the m...
Gespeichert in:
| Format: | Buch |
|---|---|
| Sprache: | Undetermined |
| Veröffentlicht: |
Princeton, N.J.
Princeton University Press,
1982
|
| Schlagworte: | |
| Tags: |
Tag hinzufügen
Keine Tags, Fügen Sie den ersten Tag hinzu!
|
| Thư viện lưu trữ: | Trung tâm Học liệu Trường Đại học Cần Thơ |
|---|
| LEADER | 00978nam a2200217Ia 4500 | ||
|---|---|---|---|
| 001 | CTU_115277 | ||
| 008 | 210402s9999 xx 000 0 und d | ||
| 082 | |a 952.03 | ||
| 082 | |b C748 | ||
| 245 | 0 | |a Conflict in modern Japanese history : | |
| 245 | 4 | |b The neglected tradition | |
| 245 | 0 | |c Edited by Tetsuo Najita and J. Victor Koschmann. | |
| 260 | |a Princeton, N.J. | ||
| 260 | |b Princeton University Press, | ||
| 260 | |c 1982 | ||
| 520 | |a This volume depicts the conflict and uncertainty that have bedeviled modern Japan. The eighteen contributors explore dissent, secession, and conflict first in the 1850s and 1860s, when the Tokugawa regime gave way to the Meiji government, and then from the end of the Russo-Japanese War through the mid-1920s. | ||
| 650 | |a Japan,Japan | ||
| 650 | |x History,Congresses,History,Congresses | ||
| 650 | |y Restoration, 1853-1870,Meiji period, 1868-1912 | ||
| 904 | |i Năm | ||
| 980 | |a Trung tâm Học liệu Trường Đại học Cần Thơ | ||